| 000 | 00563nam a2200193 a 4500 | ||
|---|---|---|---|
| 005 | 20240924070312.0 | ||
| 008 | 991125s1992 mx 000 0 spa u | ||
| 020 | _a9684962029 | ||
| 035 | _aUPN01000023085 | ||
| 049 | _aCG | ||
| 050 | 4 |
_aGN495.6 _bC3.38 |
|
| 100 | 1 | _aCardoso de Oliveira, Roberto | |
| 245 | 1 | 0 |
_aEtnicidad y estructura social / _cRoberto Cardoso de Oliveira ; tr. de Virginia Molina Ludy. |
| 260 |
_aMéxico : _bCIESAS, _c1992. |
||
| 300 | _a158 p. | ||
| 440 | 0 | _aMiguel Othón de Mendizábal | |
| 650 | 2 |
_aEtnología _94794 |
|
| 905 | _aLibro | ||
| 999 |
_c23085 _d23085 |
||